The Walking Dead (TV Series) Trivia - Statistics

General Stats
  • This quiz has been taken 1,641 times
  • The average score is 16 of 35
Answer Stats
# Question Answer % Correct
1 Why was Rick in a coma? He was shot
95%
4 Who is left behind on the store rooftop? Merle Dixon
94%
3 What animal does Rick take to Atlanta? A Horse
91%
11 What did T-Dog cut his arm on? Car door
86%
23 Who delivers Lori's baby? Maggie Greene
84%
7 After the camp is attacked Andrea loses her sister, what was her name? Amy
82%
6 Who is kidnapped when they return for Merle? Glenn
80%
15 Who puts down undead Sophia Rick Grimes
79%
19 Who kills undead Shane? Carl Grimes
75%
22 How many walker pets does Michonne have? Two
72%
21 After Andrea was left by the group, who does she find? Michonne
67%
16 Where do Rick and Glenn find Hershel? A bar
65%
8 Where do the group leave for in episode 5? The CDC
63%
2 What is Shane's Surname? Walsh
61%
24 Who does Carl name Judith after? His third-grade teacher
53%
10 Who remained in the CDC with Jenner as it exploded? Jacqui
51%
12 What does Andrea use to protect herself in the RV? A screwdriver
48%
9 Who was TS-19? Edwin Jenner's wife
37%
14 What is the name of Hershel's eldest daughter? Patricia Greene
36%
26 Which Atlanta survivor is Andrea shocked to see at Woodbury? Daryl Dixon
35%
25 What does Michonne take to the prison after witnessing Glenn and Maggie get captured? Baby Formula
34%
13 What is the name of the flower Daryl gives to Carol? Cherokee Rose
28%
5 What is the title of the third episode in season 1? Tell it to the frogs
27%
20 What were the walkers following before they went towards Hershel's farm? A Helicopter
23%
18 How far out do Rick and Shane take Randal? 18 Miles out
16%
17 Two survivors find them at the bar, what are their names? Dave and Tony
14%
29 Who are standing guard on the wall Andrea escapes over? Tyreese and Sasha
14%
30 Who is the only survivor of the Governor's slaughter? Karen
13%
28 What does Carl want to retrieve from the bar for Judith in 'Clear'? A photo of his family
11%
32 How are Karen and David killed? Stabbed and burned alive
11%
35 Who are taken prisoner by The Governor? Hershel and Michonne
10%
27 How does Carol protect herself from the Woodbury attack in 'Home'? Axel's body
9%
31 What is Carol teaching the children during 'story time'? How to use knives
9%
34 What are the names of the sisters that look The Governor finds? Lilly and Tara Chambler
7%
33 What is the title of episode 4? Indifference
1%
No matching quizzes found
Score Distribution
Percent of People with Each Score
Percentile by Number Answered
Your Score History
You have not taken this quiz